000 00744nam a22002417a 4500
001 26471
003 UA-OsUOA
005 20220409211354.0
007 ta
008 20040603b un ||||| |||| 00| 0 ukr d
040 _aUA-OsUOA
_brus
_cUA-OsUOA
_dUA-OsUOA
041 _arus
044 _aRU
080 _a52(031)
090 _a52(031)
_bЭ68
245 _aЭнциклопедический словарь юного астронома
_bдля среднего и старшего школьного возраста
_cсост. Н. П. Ерпылёв
260 _aМосква
_bПедагогика
_c1986
300 _a336 с.
_bил.
650 7 _2UDC
700 1 _aЕрпылёв Н. П.
_eсост.
942 _cBK
_2udc
955 _a7
999 _c312796
_d312796